000 00645nam a2200205Ia 4500
001 19874
003 GE_BSU
008 181216s||||||||xx |||||||||||||| ||und||
040 _cGE_BSU
080 _a02
245 _aМодельный стандарт деятельности публичной библиотеки
260 _aУльяновск
260 _c2008
300 _a17 стр.
541 _h2ლ.40თ.
653 _aМодельный стандарт деятельности публичной библиотеки
653 _aბიბლიოთეკარი
653 _aქსეროქსი
942 _cBK
999 _c52844
_d52844